000 01184nam a22002417a 4500
005 20250402125100.0
008 250402b |||||||| |||| 00| 0 eng d
020 _a978-93-92175-17-6 (hbk)
037 _cTB
040 _aCRL
_cCRL
041 _2hin
_ahin
084 _aO152,1J32:g M1
_qCRL
245 _aतुलसी साहित्य:
_bविवेचन और मूल्यांकन
260 _aनई दिल्ली, भारत:
_bनैशनल पब्लिशिंग कंपनी,
_c1981.
300 _a335पृ0
365 _b800.00
_cINR
650 _aतुलसी
650 _aहिन्दी साहित्य
700 _aशर्मा, देवेन्द्रनाथ (संपादक)
_9751729
700 _aकुमार, वचनदेव (संपादक)
_9157686
942 _2CC
_cTB
_hO152,1J32:g M1
_n0
999 _c1308386
_d1308386